• 首页
  • 本馆介绍
  • 公告通知
  • 最新文献
  • 馆藏检索
  • 电子资源
  • 读者导购
  • 参考咨询
  • 我的图书馆
  • 登录
  • 详细信息显示
  • 放入我的书架
  • 预约/预借图书
  • 作者相关作品
  • 分类相关作品
  • 丛书相关作品
  • 出版社相关作品

书目信息

  • 表格格式
  • 工作单格式
  • 卡片格式
题名:
老子
    
 
作者: 韦利 , 亚瑟·韦利英 英译 ;陈鼓应 今译
分册:  
出版信息: 长沙   湖南人民出版社  1999
页数: 293页
开本: 24cm
丛书名: 大中华文库
单 册:
中图分类: H319.4:B
科图分类:
主题词: 英语--对照读物--英、汉 , 哲学--老子 , 老子--哲学
电子资源:
ISBN: 7-5438-2089-7
000 01268nam0 2200385 450
000 01231nam0 2200373 450
000 01160nam0 2200361 450
000 01106nam0 2200337 450
000 01091nam0 2200325 450
000 01054nam0 2200313 45
005 20061228103227.25
010    @a7-5438-2089-7@b精装@dCNY43.00
100    @a20060829d1999 ekmy0chiy0120 ea
101 2  @achi@aeng@cchi
102    @aCN@b430100
105    @ay a 000yy
200 1  @a老子@ALao Zi@f(英)亚瑟·韦利英译@F(ying)ya se·wei li ying yi@g陈鼓应今译
210    @a长沙@c湖南人民出版社@a北京@c外文出版社@d1999
215    @a293页@d24cm
225 2  @a大中华文库@dLibrary of Chinese classics@zeng
300    @a汉英对照
320    @a有书目(第291~293页)
410  0 @12001 @a大中华文库
605    @a老子
606    @a英语@x对照读物@x英、汉
606    @a哲学--老子
606    @a老子--哲学
690    @aH319.4:B@v4
701  1 @a韦利@AWei Li@g(Waley, Arthur)@4英译
701  0 @a亚瑟·韦利英@Aya se·wei li ying@4译
702  0 @a陈鼓应@AChen Gu Ying@4今译@3A9547648
801  0 @aCN@b中图数据@c20061228
905    @a10447@dH319.4:B@e1146
    
    老子/(英)亚瑟·韦利英译/陈鼓应今译.-长沙:湖南人民出版社;北京:外文出版社,1999
    293页;24cm.-(大中华文库=Library of Chinese classics)
    汉英对照
    
    ISBN 7-5438-2089-7(精装):CNY43.00
    
●
相关链接 在E读中查询图书 在五车中查询图书 在当当中查询图书 在豆瓣中查询图书


正题名:老子     索取号:H319.4:B/1146         预约/预借

序号 登录号 条形码 馆藏地/架位号 状态 备注
1 0616477   206164773   第二样本阅览室/ [索取号:H319.4:B/1146] 在馆    
2 0616478   206164782   第四借阅区/ [索取号:H319.4:B/1146] 在馆    
唐山师范学院图书馆 欢迎您!
大连网信软件有限公司© 版权所有